Man and the winds / (Record no. 10648)
[ view plain ]
| 000 -LEADER | |
|---|---|
| fixed length control field | 00990cam a22003012a 4500 |
| 001 - CONTROL NUMBER | |
| control field | 10648 |
| 003 - CONTROL NUMBER IDENTIFIER | |
| rucl marc code | BD-RjUL |
| 005 - DATE AND TIME OF LATEST TRANSACTION | |
| control field | 20211208235006.0 |
| 008 - FIXED-LENGTH DATA ELEMENTS--GENERAL INFORMATION | |
| fixed length control field | 140125t1955 n a 001 0 eng d |
| 035 ## - SYSTEM CONTROL NUMBER | |
| System control number | (BD-RjUL)10696 |
| 040 ## - CATALOGING SOURCE | |
| Original cataloging agency | DLC |
| Transcribing agency | IYU |
| Modifying agency | OCL |
| -- | UKM |
| -- | EQO |
| -- | BD-RjUL |
| Language of cataloging | eng |
| 041 1# - LANGUAGE CODE | |
| Language code of text/sound track or separate title | eng |
| Language code of original | fre |
| 082 04 - DEWEY DECIMAL CLASSIFICATION NUMBER | |
| Classification number | 551.51 |
| Edition number | 16 |
| Author mark and year | AUM 1955 |
| 100 1# - MAIN ENTRY--PERSONAL NAME | |
| Personal name | Aubert de La Rüe, E. |
| Fuller form of name | (Edgar), |
| Dates associated with a name | 1901-1991. |
| 9 (RLIN) | 32920 |
| 245 10 - TITLE STATEMENT | |
| Title | Man and the winds / |
| Statement of responsibility, etc. | E. Aubert de la Rüe ; translated by Madge E. Thompson |
| 260 ## - PUBLICATION, DISTRIBUTION, ETC. (IMPRINT) | |
| Place of publication, distribution, etc. | New york : |
| Name of publisher, distributor, etc. | Philosophical Library, |
| Date of publication, distribution, etc. | c1955 |
| 300 ## - PHYSICAL DESCRIPTION | |
| Pagination | 206 p. : |
| Illustrations | illus. ; |
| Size | 22 cm |
| 500 ## - GENERAL NOTE | |
| General note | Translated from L'homme et le vent |
| 504 ## - BIBLIOGRAPHY, ETC. NOTE | |
| Bibliography, etc | Includes index. |
| 650 #0 - SUBJECT ADDED ENTRY--TOPICAL TERM | |
| Topical term or geographic name as entry element | Winds |
| 9 (RLIN) | 32672 |
| Topical term or geographic name as entry element | Human beings |
| General subdivision | Effect of environment on. |
| 9 (RLIN) | 32921 |
| 700 1# - ADDED ENTRY--PERSONAL NAME | |
| Personal name | Thompson, Madge E. |
| 830 #0 - SERIES ADDED ENTRY--UNIFORM TITLE | |
| Uniform title | Hutchinson's scientific and technical publications |
| 942 ## - ADDED ENTRY ELEMENTS (KOHA) | |
| Source of classification or shelving scheme | Dewey Decimal Classification |
| Koha item type | Books |
| Lost status | Source of classification or shelving scheme | Damaged status | Not for loan | Collection code | Permanent Location | Current Location | Shelving location | Date acquired | Source of acquisition | Cost, normal purchase price | Total Checkouts | Full call number | Date last seen | Copy number | Koha item type |
|---|---|---|---|---|---|---|---|---|---|---|---|---|---|---|---|
| Dewey Decimal Classification | Not For Loan | Non-fiction | Central Library, University of Rajshahi | Central Library, University of Rajshahi | 29/08/1957 | Publishers United Ltd. | 34.00 | 551.51 AUM 1955 | 25/01/2014 | C-1 | Books |